000 00416nam a2200145Ia 4500
008 210430s9999 xx 000 0 und d
020 _a007-059202-0
082 _a620.11 S639 F
100 _aWilliam F Smith,
_952829
245 _aFoundations of Materials Science and engineering /
_cWilliam F Smith
250 _a2nd edition
260 _aBoston
_bIrwin McGraw Hill
_c1993
300 _a882p.
942 _cBK
_2ddc
999 _c565372
_d565372